000 nam a22 7a 4500
999 _c7446
_d7446
008 170906b xxu||||| |||| 00| 0 eng d
100 _93971
_aMaanu
245 _aEnthralling Detective
260 _aNew Delhi